Члены Европейского союза - Statistics

General Stats
  • This quiz has been taken 12 times
  • The average score is 23 of 27
Answer Stats
Страна % Correct
Германия
100%
Испания
100%
Франция
100%
Австрия
90%
Венгрия
90%
Ирландия
90%
Италия
90%
Люксембург
90%
Польша
90%
Португалия
90%
Словакия
90%
Бельгия
80%
Греция
80%
Дания
80%
Кипр
80%
Латвия
80%
Литва
80%
Нидерланды
80%
Румыния
80%
Словения
80%
Финляндия
80%
Хорватия
80%
Чехия
80%
Швеция
80%
Болгария
70%
Эстония
70%
Мальта
60%
No matching quizzes found
Score Distribution
Percent of People with Each Score
Percentile by Number Answered
Your Score History
You have not taken this quiz